Steven Universe - We Are the Crystal Gems (full song) - Lyrics Quiz - Statistics

General Stats
  • This quiz has been taken 50 times
  • The average score is 192 of 241
Answer Stats
Character Lyrics % Correct
a
100%
are
100%
Gems
100%
Steven Gems!
100%
the
100%
The
100%
We
100%
we
100%
always
96%
and
96%
And
96%
be
96%
believe
96%
Greg Believe
96%
Crystal
96%
Garnet,
96%
Amethyst | Garnet | Pearl | Steven I
96%
Pearl,
96%
people
96%
that
96%
why
96%
world
96%
Amethyst,
92%
day
92%
find
92%
find,
92%
Pearl | Steven If
92%
if
92%
in
92%
in!
92%
of
92%
save
92%
Steven!
92%
That's
92%
this
92%
way
92%
We'll
92%
You
92%
you
92%
you!
92%
can
88%
can't
88%
then
88%
think
88%
on
83%
will
79%
Earth,
75%
Earth
75%
fight
75%
know,
75%
your
75%
for
71%
to
71%
To
71%
us
71%
us,
71%
When
71%
when
71%
where
71%
count
67%
four
67%
protect
67%
really
67%
we're
67%
were
67%
win
67%
arrived
63%
could
63%
do
63%
ever
63%
everything
63%
is
63%
I've
63%
made
63%
name
63%
only
63%
was
63%
you're
63%
beats
58%
'Cause
58%
down
58%
evil
58%
go
58%
I'm
58%
kind,
58%
known!
58%
me!
58%
me
58%
never
58%
out
58%
pizzas
58%
Quartz!
58%
rise
58%
Rose
58%
star
58%
what
58%
beauty
54%
beyond
54%
from
54%
grown!
54%
she
54%
taking
54%
amazed
50%
believed
50%
free!
50%
live
50%
place
50%
wants
50%
worth
50%
alone!
46%
as
46%
exist
46%
good
46%
it
46%
together
46%
against
42%
everybody
42%
not
42%
odds
42%
but
38%
going
38%
won't
38%
easy,
33%
No matching quizzes found
Score Distribution
Percent of People with Each Score
Percentile by Number Answered
Your Score History
You have not taken this quiz